00808nam a2200193Ia 4500008004000000020001800040082001600058100001600074245003900090260002800129300001200157650002700169690002400196906001000220999001700230952012500247952012500372952011700497210210b1990 xxu||||| |||| 00| 0 eng d a0 07 460031 1 a658.83 BERM aBERI (G C). aMarketing research text and cases. aNew Delhi.bT M Hc1990 avii,394 aMarketing Research  aMarketing Managemen a04552 c94781d94781 00102ddc40708MANaALbALcManagementd2021-02-17g99.00l0o658.83 BERMp046324r2021-02-17 00:00:00w2021-02-17yBK 00102ddc40708MANaALbALcManagementd2021-02-17g99.00l0o658.83 BERMp046323r2021-02-17 00:00:00w2021-02-17yBK 00102ddc40708MANaALbALcSKd2021-02-17g99.00l0o658.83 BERMp045523r2021-02-17 00:00:00w2021-02-17yBK